Customer relationship management on loan schemes and service of Karnataka Bank / (Record no. 217444)

MARC details
000 -LEADER
fixed length control field 00530nam a2200169Ia 4500
003 - CONTROL NUMBER IDENTIFIER
control field OSt
005 - DATE AND TIME OF LATEST TRANSACTION
control field 20260313114320.0
008 - FIXED-LENGTH DATA ELEMENTS--GENERAL INFORMATION
fixed length control field 211028s2014 xx 000 0 und d
040 ## - CATALOGING SOURCE
Transcribing agency AIMIT LIBRARY
041 ## - LANGUAGE CODE
Language code of text/sound track or separate title eng
100 ## - MAIN ENTRY--PERSONAL NAME
Personal name Kumari, Arpitha S; Vijayakumar, Suchetha.
Miscellaneous information 111711
9 (RLIN) 4064
110 ## - MAIN ENTRY--CORPORATE NAME
Corporate name or jurisdiction name as entry element Rakesh Kumar
9 (RLIN) 4065
245 ## - TITLE STATEMENT
Title Customer relationship management on loan schemes and service of Karnataka Bank /
260 ## - PUBLICATION, DISTRIBUTION, ETC.
Place of publication, distribution, etc. Mangalore
Date of publication, distribution, etc. 2014
710 ## - ADDED ENTRY--CORPORATE NAME
Corporate name or jurisdiction name as entry element SysInformation Healthcare India Pvt. Ltd.
9 (RLIN) 4066
942 ## - ADDED ENTRY ELEMENTS (KOHA)
Source of classification or shelving scheme Dewey Decimal Classification
Koha item type Project Report
Holdings
Withdrawn status Lost status Source of classification or shelving scheme Damaged status Not for loan Collection code Home library Current library Date acquired Source of acquisition Total Checkouts Barcode Date last seen Copy number Price effective from Koha item type
    Dewey Decimal Classification   Not for loan Project Report MCA St Aloysius Institute of Management & Information Technology St Aloysius Institute of Management & Information Technology 10/28/2021 MCA   PRC00665 10/28/2021 111711 10/28/2021 Project Report